000 00475nam a22001931a 4500
001 2360
003 OSt
005 20260204211809.0
008 040212s1993||||ag ||||||b||||||||||spa||
020 _a847640655x
050 _a823.3 S15m
082 _a808.8381 S26m
100 _aShakespeare, William
245 _aEl mercader de Venecia: Cariolano / William Shakerspeare
264 _aArgentina : EDAF
300 _a228 p
650 _aNovela InglesaÌ
942 _2ddc
_cBK
999 _c2360
_d2360